000 01635cam a2200445 a 4500
001 3433997
003 OSt
005 20210928152551.0
006 m o d
007 cr zn|
008 030312s2001 enka sb 001 0 eng d
020 _z0852969791
035 _a(CtWfDGI)bks00002538
035 _a(NNC)3433997
038 _akhadija
040 _aCtWfDGI
_cCtWfDGI
050 1 4 _aT65.3
_b.H63 2001b
082 0 4 _a620.00715
_221
_bHOA
100 1 _aHoag, Kevin.
_982838
245 1 0 _aSkills development for engineers
_ban innovative model for advanced learning in the workplace /
_cKevin Hoag.
256 _aComputer document.
260 _aLondon :
_bInstitution of Electrical Engineers,
_cc2001
_e(Norwood, Mass. :
_fBooks24x7.com [generator])
490 1 _aIEE management of technology series ;
_v20
500 _aTitle from title screen.
504 _aIncludes bibliographical references and index.
516 _aText.
530 _aAvailable also in a print ed.
538 _aMode of access: Internet via World Wide Web.
550 _aDigitized and made available by: Books 24x7.com.
563 _ahardcover
650 0 _aEngineers
_xEducation (Continuing education)
_982839
650 0 _aEngineering
_xStudy and teaching (Continuing education)
_982840
655 7 _aElectronic books.
_2lcsh
_9621
710 2 _aBooks24x7, Inc.
_925470
710 2 _aInstitution of Electrical Engineers.
_982841
830 0 _aIEE management of technology series ;
_v20.
_982842
856 4 0 _uhttp://www.columbia.edu/cgi-bin/cul/resolve?clio3433997
_zClick here for full text.
942 _2ddc
_cBK
999 _c31747
_d31747